| 000 | 00623nam a2200277Ia 4500 | ||
|---|---|---|---|
| 001 | Z_1423 | ||
| 003 | CHAP | ||
| 008 | 220113s19XX xx 000 0 und d | ||
| 010 | _a164512 | ||
| 040 | _cCHAP | ||
| 090 | _aFolleto 286 | ||
| 100 |
_aBem-Yami, M _911490 |
||
| 245 |
_aAcuicultura : la importancia de conocer sus límites / _cpor M. Ben-Yami |
||
| 260 |
_a[México, D.F. : _bs.n., _c19XX |
||
| 300 | _app.25-30 | ||
| 440 | _a | ||
| 500 | _a | ||
| 503 | _a | ||
| 650 |
_aAcuicultura _9758 |
||
| 901 | _aFolleto 286 | ||
| 902 | _aA | ||
| 910 | _a19XX | ||
| 942 | _cc14 | ||
| 942 | _cc14 | ||
| 999 |
_c164512 _d164512 |
||